Famous Parents and Kids #2 - Statistics

General Stats
  • This quiz has been taken 31,363 times
    10,257 since last reset
  • The average score is 14 of 24
Answer Stats
Parent Child Last Name % Correct
Michelle Malia Obama
98%
Will Jaden Smith
95%
Victoria Brooklyn Beckham
85%
Kris Kendall Jenner
79%
Julio Enrique Iglesias
76%
Michael Blanket Jackson
75%
Quincy Rashida Jones
72%
George Jeb Bush
71%
Donatella Allegra Versace
65%
Bob Ziggy Marley
60%
Sonny Chaz Bono
57%
Don Dakota Johnson
56%
Nicolas Kal-El Cage
55%
John Julian Lennon
52%
Steve Bindi Irwin
51%
Lloyd Beau Bridges
50%
Tom Colin Hanks
48%
Joan Melissa Rivers
44%
Naomi Ashley Judd
41%
Shawn Blue Ivy Carter
39%
Frank Dweezil Zappa
39%
Alan Robin Thicke
38%
William the Elder William the Younger Pitt
32%
Wayne Paulina Gretzky
26%
No matching quizzes found
Score Distribution
Percent of People with Each Score
Percentile by Number Answered
Your Score History
You have not taken this quiz since the last reset